| 000 | 00521 a2200193 4500 | ||
|---|---|---|---|
| 005 | 20260401141055.0 | ||
| 008 | 260401b |||||||| |||| 00| 0 eng d | ||
| 020 |
_a9788196503338 _cRs. 349.00 |
||
| 040 | _aMAIN | ||
| 082 |
_a340.28563 _bD879L |
||
| 100 | _aDuggal, Pavan | ||
| 245 | _aLaw and generative artificial intelligence | ||
| 260 |
_bKabdwal Book International _c2023 _aMumbai |
||
| 300 | _aviii, 114 | ||
| 650 | _aLaw | ||
| 650 | _aComputers in Law | ||
| 650 | _aArtificial Intelligence | ||
| 942 | _cBK | ||
| 999 |
_c396308 _d396308 |
||